000 00514nam a2200145Ia 4500
008 231129s2010||||xx |||||||||||||| ||spa||
020 _a978-958-9172-98-8
040 _bspa
082 _a923.5 C796Q 923.5 C796Q
100 _aQuintero Arredondo Héctor
245 0 _aCórdova Héroe continental
260 _c2010
264 _aMedellí­n Colombia: Gobernación de Antioquia. Secretarí­a de Educación para la Cultura Dirección de Fomento a la Cultura
942 _2ddc
_cBKS
999 _c8122
_d8122